000 01225cam a2200277 4500
001 ##L134261
008 060720n2006 000 0 eng u
020 _a1860819230
035 _a(Sirsi) u134261
041 0 _aeng
050 0 4 _a694.01 $2 18
100 1 _aDoran, S. M.
245 0 0 _aTimber frame dwellings
_bconservation of fuel and power
_bAD L1A guidelines
260 _aWatford
_bBRE
_c2006
300 _a24p.
_bill.
_c30cm.
350 _a30
490 0 _aBRE Special Digest
_vSD2: 2006
520 _aOutlines how the requirements of the Building Regulations for conservation of fuel and power may be fulfilled for a new dwelling built with timber frame construction. Provides guidance on the relevant regulations, primarily Approved Document L1A, gives various approaches to compliance and includes worked examples involving timber frame build solutions. Briefly covers compliance in Northern Ireland and Scotland.
590 _aIKA220806, KA
650 2 4 _aBUILDING REGULATIONS 2000 APPROVED DOCUMENT L1A (2006 EDITION)
651 4 _aUnited Kingdom
_y
690 _aBuilding regulations
_96224
710 2 _aBuilding Research Establishment
710 2 _aUK Timber Frame Association
_95010
942 _n0
999 _c105619
_d105619